Contributions to atmospheric physics : Beiträge zur Physik der Atmosphäre.

Guardado en:
Detalles Bibliográficos
Nuevo Título:Meteorologische Zeitschrift (Berlin, Germany : 1992)
Título anterior:Beiträge zur Physik der Atmosphäre
Autor Corporativo: Deutsche Meteorologische Gesellschaft
Formato: Revista
Lenguaje:English
German
Publicado: [Wiesbaden, Ger. : F. Vieweg Verlagsgesellschaft].
Materias:
LEADER 03063cas a2200661 a 4500
001 c000397748
003 CARM
005 20140818122036.0
008 140804d19691999gw qx p 0 a0eng d
010 |a 76643214 
019 1 |a 2181431  |5 LACONCORD2021 
022 0 |a 0303-4186  |y 0005-8173 
030 |a CAPHFN  |z BPYAAY 
035 |a (OCoLC)3416825  |5 LACONCORD2021 
040 |a LC  |b eng  |c LC 
041 0 |a eng  |a ger  |b fre 
042 |a lc  |a nsdp 
050 0 |a QC851  |b .B4 
082 0 4 |a 551.5  |2 23 
210 0 |a Contrib. atmos. phys 
222 0 |a Contributions to atmospheric physics 
245 0 0 |a Contributions to atmospheric physics :  |b Beiträge zur Physik der Atmosphäre. 
246 3 1 |a Beiträge zur Physik der Atmosphäre 
260 |a [Wiesbaden, Ger. :  |b F. Vieweg Verlagsgesellschaft]. 
300 |a v. ;  |c 26 cm. 
310 |a Four no. a year 
362 0 |a Vol. 42-72, 1969-1999 
362 1 |a Ceased publication in 1999. 
500 |a Imprint varies. 
510 2 |a Computer & control abstracts,  |x 0036-8113,  |b 1973- 
510 2 |a Electrical & electronics abstracts,  |x 0036-8105,  |b 1973- 
510 2 |a Energy research abstracts,  |x 0160-3604 
510 2 |a Excerpta medica 
510 2 |a International aerospace abstracts,  |x 0020-5842 
510 2 |a Physics abstracts. Science abstracts. Series A,  |x 0036-8091,  |b 1973- 
510 2 |a Chemical abstracts,  |x 0009-2258 
515 |a Issues for 1969/1- called also v. 42- 
546 |a English or German with summaries in English, French, and German. 
550 |a "A publication <, 1980-> of the Deutsche Meteorologische Gesellschaft." 
650 0 |a Atmospheric physics  |v Periodicals. 
710 2 |a Deutsche Meteorologische Gesellschaft 
776 0 8 |i Online version  |t Contributions to atmospheric physics  |w (OCoLC)569449680 
780 0 0 |t Beiträge zur Physik der Atmosphäre  |x 0005-8173  |w (DLC)sc 80001008  |w (OCoLC)2258238 
785 0 4 |t Meteorologische Zeitschrift (Berlin, Germany : 1992)  |x 0941-2948  |y MEZEEV  |w (DLC) 92649628  |w (OCoLC)25829182 
852 8 |b CARM  |p 0606325  |j 62:1(1989:02)-64:4(1991:11)  |f SE 
852 8 |b CARM  |p 0606385  |j 65:1(1992:02)-70:4(1997:11)  |f SE 
852 8 |b CARM  |p 0606530  |j 71:1(1998:02)-72:4(1999:11)  |f SE 
852 8 |b SCAN  |h A3:AH01E0  |i F08949  |p 0606385  |f SE 
852 8 |b SCAN  |h A3:AH01E0  |i F08965  |p 0606530  |f SE 
852 8 |b SCAN  |h A3:AH02D0  |i F08942  |p 0606325  |f SE 
866 0 |a 62:1(1989:02)-72:4(1999:11) 
999 f f |i efc52ac0-bb9c-5d2b-b112-b7cb1602af44  |s 68628998-3e5f-5d5c-a5c3-7d46ea86cf6f 
952 f f |p Can circulate  |a CAVAL  |b CAVAL  |c CAVAL  |d CARM 1 Store  |i book  |k 65:1(1992:02)-70:4(1997:11)  |m 0606385 
952 f f |p Can circulate  |a CAVAL  |b CAVAL  |c CAVAL  |d CARM 1 Store  |i book  |k 71:1(1998:02)-72:4(1999:11)  |m 0606530 
952 f f |p Can circulate  |a CAVAL  |b CAVAL  |c CAVAL  |d CARM 1 Store  |i book  |k 62:1(1989:02)-64:4(1991:11)  |m 0606325 
952 f f |a CAVAL  |b CAVAL  |c CAVAL  |d Unmapped Location  |e F08949  |f A3:AH01E0  |h Other scheme 
952 f f |a CAVAL  |b CAVAL  |c CAVAL  |d Unmapped Location  |e F08965  |f A3:AH01E0  |h Other scheme 
952 f f |a CAVAL  |b CAVAL  |c CAVAL  |d Unmapped Location  |e F08942  |f A3:AH02D0  |h Other scheme